[Event "Capablanca Memorial op 53rd"]
[Site "Havana"]
[Date "2018.05.15"]
[Round "6"]
[White "Sanchez Ones, Yeny"]
[Black "Lopez Gonzalez, Carlos Andres"]
[Result "1-0"]
[WhiteElo "2078"]
[BlackElo "1703"]
[PlyCount "61"]
[EventDate "2018.05.09"]
[EventType "swiss"]
[EventRounds "10"]
[EventCountry "CUB"]
[SourceTitle "EXT 2021"]
[Source "ChessBase"]
[SourceDate "2020.10.23"]
[SourceVersion "1"]
[SourceVersionDate "2020.10.23"]
[SourceQuality "1"]

1. e4 c5 2. Nf3 Nc6 3. d4 cxd4 4. Nxd4 g6 5. c4 Bg7 6. Be3 Nf6 7. Nc3 0-0 8. Be2 d6 9. 0-0 Bd7 10. f3 Nxd4 11. Bxd4 a5 12. b3 Bc6 13. Qd2 Nd7 14. Bf2 Nc5 15. Rab1 Be5 16. Rfd1 f5 17. exf5 Rxf5 18. Bxc5 Bxc3 19. Qxc3 Rxc5 20. a3 Qf8 21. b4 Rg5 22. c5 d5 23. b5 Bd7 24. c6 bxc6 25. bxc6 Bh3 26. Bf1 Bf5 27. Rb5 e6 28. Rxa5 Rxa5 29. Qxa5 Bc2 30. Rc1 Qf4 31. Rxc2 1-0

[Event "Capablanca Memorial op 53rd"]
[Site "Havana"]
[Date "2018.05.12"]
[Round "4"]
[White "Cori Tello, Deysi Estella"]
[Black "Sanchez Ones, Yeny"]
[Result "1-0"]
[WhiteElo "2387"]
[BlackElo "2078"]
[PlyCount "77"]
[EventDate "2018.05.09"]
[EventType "swiss"]
[EventRounds "10"]
[EventCountry "CUB"]
[SourceTitle "EXT 2021"]
[Source "ChessBase"]
[SourceDate "2020.10.23"]
[SourceVersion "1"]
[SourceVersionDate "2020.10.23"]
[SourceQuality "1"]

1. d4 d5 2. c4 e6 3. Nc3 Nf6 4. Nf3 c5 5. cxd5 exd5 6. g3 Nc6 7. Bg2 Be7 8. 0-0 0-0 9. dxc5 Bxc5 10. Na4 Be7 11. Be3 Re8 12. Rc1 Bf5 13. Nd4 Nxd4 14. Bxd4 Be6 15. Qb3 b6 16. Rfd1 Rc8 17. Nc3 Qc7 18. Bxf6 d4 19. Nd5 Qxc1 20. Bxe7 Qc2 21. Ba3 Qxe2 22. Qa4 Bd7 23. Qxd4 Rc4 24. Nf6+ gxf6 25. Qxd7 Rc2 26. Qd4 Rc4 27. Qd5 Re5 28. Qd8+ Re8 29. Bf1 Qe5 30. Qd7 Rc7 31. Qa4 Qe6 32. Bh3 Qe2 33. Bg4 b5 34. Bxe2 bxa4 35. Bb5 Rec8 36. Kg2 Kg7 37. Rd4 h5 38. Rxa4 Rd8 39. Bb4 1-0

[Event "CUB-ch sf (Women)"]
[Site "Holguin"]
[Date "2018.01.17"]
[Round "5"]
[White "Sanchez Ones, Yeny"]
[Black "Hernandez Gil, Ineymig"]
[Result "1-0"]
[WhiteElo "2087"]
[BlackElo "1972"]
[PlyCount "61"]
[EventDate "2018.01.13"]
[EventType "tourn"]
[EventRounds "9"]
[EventCountry "CUB"]
[SourceTitle "EXT 2021"]
[Source "ChessBase"]
[SourceDate "2020.10.23"]
[SourceVersion "1"]
[SourceVersionDate "2020.10.23"]
[SourceQuality "1"]

1. e4 c5 2. Nf3 Nc6 3. d4 cxd4 4. Nxd4 Nf6 5. Nc3 e5 6. Ndb5 d6 7. Bg5 a6 8. Na3 b5 9. Nd5 Be7 10. Bxf6 Bxf6 11. c4 b4 12. Nc2 0-0 13. g3 Be6 14. Bg2 Bg5 15. 0-0 a5 16. b3 Qb8 17. Kh1 Bd8 18. f4 f6 19. Qd3 Ne7 20. Nce3 Qb7 21. fxe5 fxe5 22. Nf5 Bxd5 23. Nxd6 Qd7 24. Rxf8+ Kxf8 25. exd5 Qxd6 26. Qxh7 Ng8 27. Rf1+ Bf6 28. g4 g5 29. h4 Qc5 30. d6 Ra7 31. d7 1-0

[Event "Clemente Vazquez Memorial-B"]
[Site "Santa Maria del Mar"]
[Date "2017.09.27"]
[Round "6"]
[White "Chinchilla Miranda, Eugenio"]
[Black "Sanchez Ones, Yeny"]
[Result "1-0"]
[WhiteElo "2196"]
[BlackElo "2148"]
[PlyCount "77"]
[EventDate "2016.09.22"]
[EventType "tourn"]
[EventRounds "9"]
[EventCountry "CUB"]
[SourceTitle "EXT 2019"]
[Source "ChessBase"]
[SourceDate "2018.10.10"]
[SourceVersion "1"]
[SourceVersionDate "2018.10.10"]
[SourceQuality "1"]

1. d4 d5 2. c4 e6 3. Nc3 c5 4. cxd5 exd5 5. Nf3 Nc6 6. g3 Nf6 7. Bg2 Be7 8. 0-0 0-0 9. dxc5 Bxc5 10. a3 Be6 11. b4 Be7 12. Bb2 Rc8 13. Rc1 Ne4 14. Nxe4 dxe4 15. Nd4 e3 16. Nxc6 exf2+ 17. Kxf2 bxc6 18. Qxd8 Rfxd8 19. Rxc6 Rxc6 20. Bxc6 Rd2 21. Be5 Bg4 22. Bf3 Bxf3 23. Kxf3 f6 24. Ke3 Rd5 25. Bd4 a6 26. Rc1 Rh5 27. Rc8+ Kf7 28. Ra8 Rxh2 29. Rxa6 h5 30. Ra7 Ke6 31. b5 g5 32. b6 Bd6 33. b7 Bxg3 34. Ra8 Rh3 35. Kd2 h4 36. a4 g4 37. a5 Rh1 38. a6 h3 39. a7 1-0

[Event "Clemente Vazquez Memorial-B"]
[Site "Santa Maria del Mar"]
[Date "2017.09.25"]
[Round "4"]
[White "Aponte Castillo, Jose Ernesto"]
[Black "Sanchez Ones, Yeny"]
[Result "1/2-1/2"]
[WhiteElo "2108"]
[BlackElo "2148"]
[PlyCount "92"]
[EventDate "2016.09.22"]
[EventType "tourn"]
[EventRounds "9"]
[EventCountry "CUB"]
[SourceTitle "EXT 2019"]
[Source "ChessBase"]
[SourceDate "2018.10.10"]
[SourceVersion "1"]
[SourceVersionDate "2018.10.10"]
[SourceQuality "1"]

1. d4 d5 2. Nf3 Nf6 3. Bf4 Bf5 4. e3 e6 5. c3 c6 6. h3 Qb6 7. Qb3 h6 8. Nbd2 Be7 9. Be2 0-0 10. Ne5 Nbd7 11. g4 Bh7 12. h4 Nxe5 13. dxe5 Nd7 14. g5 hxg5 15. hxg5 Nc5 16. Qxb6 axb6 17. f3 Nd3+ 18. Bxd3 Bxd3 19. Kf2 g6 20. Rh4 Kg7 21. Rah1 Rg8 22. Rh7+ Kf8 23. a3 c5 24. Rc1 c4 25. Nf1 Bxf1 26. Kxf1 Ra5 27. Rc2 Bc5 28. Rd2 Ke7 29. Ke1 Raa8 30. Rdh2 Rad8 31. Kd1 Ra8 32. Kc2 b5 33. Kd2 b6 34. Bg3 Rac8 35. R2h4 Rcd8 36. Ke2 Ra8 37. Rh1 Rad8 38. Bf4 Ra8 39. Rd1 Rad8 40. Bg3 Rh8 41. Rh6 Rhg8 42. Bf4 Rgf8 43. Rd2 Rg8 44. Kd1 Rd7 45. Kc2 Ra8 46. Rd1 Rdd8 1/2-1/2

[Event "CUB-ch (Women)"]
[Site "Cienfuegos"]
[Date "2016.02.11"]
[Round "14"]
[White "Arribas Robaina, Maritza"]
[Black "Sanchez Ones, Yeny"]
[Result "1-0"]
[WhiteElo "2333"]
[BlackElo "2106"]
[PlyCount "63"]
[EventDate "2016.01.29"]
[EventType "tourn"]
[EventRounds "15"]
[EventCountry "CUB"]
[SourceTitle "EXT 2017"]
[Source "ChessBase"]
[SourceDate "2016.10.25"]
[SourceVersion "1"]
[SourceVersionDate "2016.10.25"]
[SourceQuality "1"]

1. e4 c5 2. Nf3 d6 3. Bb5+ Bd7 4. Bxd7+ Qxd7 5. 0-0 Nf6 6. Re1 e6 7. e5 dxe5 8. Nxe5 Qc8 9. Qf3 Be7 10. Nc3 0-0 11. d3 Nbd7 12. Nc4 Nb6 13. Nxb6 axb6 14. Bf4 Qd7 15. Be5 Rfd8 16. a4 Nd5 17. Nxd5 exd5 18. b3 Re8 19. h3 Bf8 20. Rad1 Re6 21. Bc3 d4 22. Rxe6 fxe6 23. Bd2 Bd6 24. Re1 Rf8 25. Qe4 Rf6 26. Bg5 Rg6 27. f4 e5 28. fxe5 Rxg5 29. exd6 Qxd6 30. Qe8+ Qf8 31. Qd7 h6 32. Re8 1-0

[Event "Pan American-ch U18 Girls"]
[Site "Oaxtepec"]
[Date "2014.07.13"]
[Round "4"]
[White "Paredes Bustamante, Paula Elizabeth"]
[Black "Sanchez Ones, Yeny"]
[Result "1-0"]
[WhiteElo "2051"]
[BlackElo "2069"]
[PlyCount "73"]
[EventDate "2014.07.11"]
[EventType "swiss"]
[EventRounds "9"]
[EventCountry "MEX"]
[SourceTitle "EXT 2022"]
[Source "ChessBase"]
[SourceDate "2021.10.06"]
[SourceVersion "1"]
[SourceVersionDate "2021.10.06"]
[SourceQuality "1"]

1. e4 c5 2. Nf3 d6 3. Bb5+ Bd7 4. Bxd7+ Qxd7 5. c4 Nf6 6. Nc3 g6 7. 0-0 Nc6 8. d4 cxd4 9. Nxd4 Bg7 10. Nb3 0-0 11. Qe2 Rac8 12. Rd1 Qc7 13. Nd5 Qb8 14. Bg5 b6 15. Rac1 Qb7 16. a3 a6 17. Nc3 Ne5 18. Nd5 Nxd5 19. exd5 h6 20. Be3 Rb8 21. f4 Nd7 22. Nd4 Rfe8 23. b4 Rbc8 24. Nc6 e6 25. Qf3 exd5 26. cxd5 Nf6 27. Bd4 Ne4 28. f5 Bxd4+ 29. Rxd4 Ng5 30. Qf4 Qd7 31. f6 Rxc6 32. dxc6 Qd8 33. c7 Qa8 34. Rxd6 Kh7 35. Rdc6 Re1+ 36. Rxe1 Qxc6 37. Rc1 1-0

[Event "Cuernavaca Sisniega Memorial"]
[Site "Cuernavaca"]
[Date "2014.05.03"]
[Round "8"]
[White "Sanchez Ones, Yeny"]
[Black "Dominguez Aguilar, Guillermo"]
[Result "0-1"]
[WhiteElo "2061"]
[BlackElo "2346"]
[PlyCount "88"]
[EventDate "2014.04.29"]
[EventType "swiss"]
[EventRounds "9"]
[EventCountry "MEX"]
[SourceTitle "CBM 160 Extra"]
[Source "ChessBase"]
[SourceDate "2014.07.01"]
[SourceVersion "1"]
[SourceVersionDate "2014.07.01"]
[SourceQuality "1"]

1. e4 c5 2. Nf3 Nc6 3. d4 cxd4 4. Nxd4 Qb6 5. Nb3 Nf6 6. Nc3 e6 7. a3 a6 8. Be2 Be7 9. 0-0 0-0 10. Be3 Qc7 11. f4 d6 12. Qe1 b5 13. Qf2 Rb8 14. Kh1 b4 15. axb4 Nxb4 16. Bf3 e5 17. f5 d5 18. exd5 Bxf5 19. Bd1 Bc8 20. Qg3 Kh8 21. Bg5 Nfxd5 22. Nxd5 Nxd5 23. Bxe7 Nxe7 24. Be2 Rb6 25. Bd3 f5 26. Rae1 f4 27. Qf2 Bf5 28. Qc5 Qxc5 29. Nxc5 Ng6 30. b3 Rc6 31. Ne4 Rd8 32. Ng5 Bxd3 33. Nf7+ Kg8 34. Nxd8 Rxc2 35. Rg1 e4 36. Rc1 Rb2 37. Rc8 h6 38. Ne6+ Kf7 39. Nd4 Ne5 40. Rc7+ Kf6 41. h3 f3 42. gxf3 exf3 43. Rcc1 f2 44. Rgd1 Be4+ 0-1

[Event "CUB-ch U18 Girls"]
[Site "San Nicolas de Bari"]
[Date "2012.04.18"]
[Round "7"]
[White "Ben Artiles, Laura"]
[Black "Sanchez Ones, Yeny"]
[Result "1/2-1/2"]
[WhiteElo "1931"]
[BlackElo "2005"]
[PlyCount "46"]
[EventDate "2012.04.15"]
[EventType "swiss"]
[EventRounds "9"]
[EventCountry "CUB"]
[SourceTitle "CBM 148 Extra"]
[Source "ChessBase"]
[SourceDate "2012.06.22"]
[SourceVersion "1"]
[SourceVersionDate "2012.06.22"]
[SourceQuality "1"]

1. e4 c5 2. Nf3 d6 3. d4 cxd4 4. Nxd4 Nf6 5. Nc3 a6 6. Be2 e6 7. Be3 Qc7 8. g4 b5 9. g5 Nfd7 10. a3 Bb7 11. f4 Nc6 12. Rf1 Nxd4 13. Qxd4 Rc8 14. f5 e5 15. Qd2 Nb6 16. g6 f6 17. gxh7 Rxh7 18. Bd3 Rh8 19. Qg2 Nc4 20. Bxc4 Qxc4 21. Qg6+ Qf7 22. Qg2 Qc4 23. Qg6+ Qf7 1/2-1/2

[Event "CUB-ch U18 Girls"]
[Site "San Nicolas de Bari"]
[Date "2012.04.18"]
[Round "8"]
[White "Cordero Suarez, Greisy"]
[Black "Sanchez Ones, Yeny"]
[Result "0-1"]
[WhiteElo "2093"]
[BlackElo "2005"]
[PlyCount "94"]
[EventDate "2012.04.15"]
[EventType "swiss"]
[EventRounds "9"]
[EventCountry "CUB"]
[SourceTitle "CBM 148 Extra"]
[Source "ChessBase"]
[SourceDate "2012.06.22"]
[SourceVersion "1"]
[SourceVersionDate "2012.06.22"]
[SourceQuality "1"]

1. e4 c5 2. Nc3 d6 3. g3 Nc6 4. Bg2 g6 5. d3 Bg7 6. f4 e6 7. Nf3 Rb8 8. 0-0 Nge7 9. Be3 Nd4 10. Nh4 0-0 11. Qd2 b5 12. Nd1 f5 13. Bf2 b4 14. Re1 Re8 15. Ne3 a5 16. Nc4 a4 17. e5 dxe5 18. Nxe5 b3 19. cxb3 axb3 20. Bxd4 Qxd4+ 21. Kh1 bxa2 22. Rxa2 Bxe5 23. Rxe5 c4 24. Nf3 Qxd3 25. Re1 Rd8 26. Rd1 Bb7 27. Qxd3 cxd3 28. Ne5 Be4 29. Kg1 Rb3 30. Bf1 d2 31. Nc4 Bd5 32. Rxd2 Rdb8 33. Ra3 R3b4 34. Rc3 Kg7 35. Bd3 Kf6 36. Re2 Bxc4 37. Rxc4 Rxb2 38. Rxb2 Rxb2 39. Rc7 Rd2 40. Bb5 h6 41. Ra7 Rd6 42. Ra2 g5 43. Ra4 Nd5 44. Kf2 Nc3 45. Rb4 Rb6 46. Rb3 Nxb5 47. Ke3 Rb7 0-1